Score 0/18 Timer 04:00
0 Plays Today
Song Missing Word % Correct
Hopelessly ____ to YouDevoted
92%
Tears on __ PillowMy
91.4%
Look At Me I'm ____ DeeSandra
91.2%
Rock 'N' Roll Is Here to ____Stay
91.2%
Hound ____Dog
90.4%
Greased ____Lightning
90.4%
____ NightsSummer
89.3%
____ School Drop-OutBeauty
85.1%
____ MoonBlue
69.8%
Song Missing Word % Correct
Born to Hand ____Jive
67.3%
We Go ____Together
66.6%
There are ____ Things I Could DoWorse
58.8%
____ (Reprise)Grease
57.3%
It's Raining on ____ NightProm
55.6%
Freddy, My ____Love
54.6%
Love Is a Many _____ ThingSplendored
35.6%
Those ____ ChangesMagic
21.2%
Rock 'n' Roll Party ____Queen
17.8%

Today's Daily Dose

Remove Ads.
Support Sporcle.
Get the best of Sporcle when you Go Orange. This ad-free experience offers more features, more stats, and more fun while also helping to support Sporcle. Thank you for becoming a member.

You're not logged in!

Compare scores with friends on all Sporcle quizzes.
OR
Log In

Show Comments

Extras

Top Quizzes Today


Score Distribution

Your Account Isn't Verified!

In order to create a playlist on Sporcle, you need to verify the email address you used during registration. Go to your Sporcle Settings to finish the process.

Report this User

Report this user for behavior that violates our Community Guidelines.

Details: